<?xml version="1.0" encoding="UTF-8"?>
<record
    xmlns:xsi="http://www.w3.org/2001/XMLSchema-instance"
    xsi:schemaLocation="http://www.loc.gov/MARC21/slim http://www.loc.gov/standards/marcxml/schema/MARC21slim.xsd"
    xmlns="http://www.loc.gov/MARC21/slim">

  <leader>00939nam a2200157Ia 4500</leader>
  <datafield tag="952" ind1=" " ind2=" ">
    <subfield code="0">0</subfield>
    <subfield code="1">0</subfield>
    <subfield code="4">0</subfield>
    <subfield code="7">0</subfield>
    <subfield code="a">11</subfield>
    <subfield code="b">11</subfield>
    <subfield code="d">2007-01-08</subfield>
    <subfield code="l">4</subfield>
    <subfield code="o">HM263 C217 1992</subfield>
    <subfield code="p">11 001948</subfield>
    <subfield code="r">2016-07-25</subfield>
    <subfield code="s">2016-07-25</subfield>
    <subfield code="t">1</subfield>
    <subfield code="w">2012-06-26</subfield>
    <subfield code="y">LB</subfield>
  </datafield>
  <datafield tag="999" ind1=" " ind2=" ">
    <subfield code="c">69146</subfield>
    <subfield code="d">69146</subfield>
  </datafield>
  <controlfield tag="008">120626s1992    mx            000 0 spa d</controlfield>
  <datafield tag="050" ind1=" " ind2=" ">
    <subfield code="a">HM263</subfield>
    <subfield code="b"> C217 1992</subfield>
  </datafield>
  <datafield tag="100" ind1=" " ind2=" ">
    <subfield code="a">Camacho Morelos, Jes&#xFA;s</subfield>
    <subfield code="e">autor</subfield>
  </datafield>
  <datafield tag="245" ind1=" " ind2=" ">
    <subfield code="a">As&#xED; se escribe una campa&#xF1;a de publicidad </subfield>
    <subfield code="c">/ Jes&#xFA;s, Camacho Morelos</subfield>
  </datafield>
  <datafield tag="260" ind1=" " ind2=" ">
    <subfield code="a">M&#xE9;xico </subfield>
    <subfield code="b">: Diana</subfield>
    <subfield code="c">, 1992</subfield>
  </datafield>
  <datafield tag="300" ind1=" " ind2=" ">
    <subfield code="a">98 p&#xE1;ginas</subfield>
  </datafield>
  <datafield tag="505" ind1=" " ind2=" ">
    <subfield code="a">Qu&#xE9; es un copywrite. Su &#xE1;mbito y sus herramientas   
En la redacci&#xF3;n est&#xE1; la venta   
El texto gen&#xE9;rico   
Secuencia de actividades para elaborar una campa&#xF1;a de publicidad   
El copywrite en acci&#xF3;n   
El comercial (spot) de radio   
El comercial (spot) de televisi&#xF3;n y de cine   
Los materiales gr&#xE1;ficos y el redactor   
El posicionamiento   
Una campa&#xF1;a en vivo   
Viejos trucos para el nuevo copywrite. Conclusi&#xF3;n</subfield>
  </datafield>
  <datafield tag="519" ind1=" " ind2=" ">
    <subfield code="a">Material complementario / </subfield>
    <subfield code="b">Dise&#xF1;o y comunicaci&#xF3;n visual / </subfield>
    <subfield code="d">(11 001948)</subfield>
  </datafield>
  <datafield tag="650" ind1=" " ind2="0">
    <subfield code="a">PUBLICIDAD</subfield>
    <subfield code="x">ESTRATEGIAS</subfield>
  </datafield>
  <datafield tag="942" ind1=" " ind2=" ">
    <subfield code="c">LB</subfield>
  </datafield>
</record>
